000 00793nam a2200217Ia 4500
005 20230424092136.0
008 140110s9999 xx 000 0 und d
020 _a9788177081701
_cRs.2270.00
040 _aLoreto College
041 _aEnglish
082 _a338.954
_bPRA
100 _aPrasad, Chandra Shekhar
245 _aEconomic survey of India 1947-48to 2008-09
_bSector-wise yearly review of developments in the Indian economy : Agriculture; Industry; Fiscal Policy; Money and Prices; Banking and Finance; Foreign Trade
_cBy Dr. Chandra Shekhar Prasad
260 _aNew Delhi
_bNew Century Publications
_c2008
300 _a727p.
504 _aIncludes index and bibliographical references
650 _aEconomics
651 _aIndia-Economics
850 _aLCLIB
942 _cBK
999 _c36759
_d87238